Southville International School and Colleges
Your cart is empty.
  • Cart
  • Lists
    Public lists Eva Luna New books Lux_list list_1
    Your lists Log in to create your own lists
  • Log in to your account
  • Your cookies
  • Search history
Southville International School and Colleges
  • Advanced search
  • Recent comments
  • Most popular
  • Libraries

Log in to your account

Log in with GOOGLE


If you do not have an external account, but do have a local account, you can still log in:

  1. Home
  2. MARC view: Sword point :
Normal view MARC view ISBD view

Sword point : (Record no. 10983)

[ view plain ]
MARC details
000 -LEADER
fixed length control field 00868cam a2200289 a 4500
001 - CONTROL NUMBER
control field 2437301
003 - CONTROL NUMBER IDENTIFIER
control field PILC
005 - DATE AND TIME OF LATEST TRANSACTION
control field 20160120143509.0
008 - FIXED-LENGTH DATA ELEMENTS--GENERAL INFORMATION
fixed length control field 880524s1988 nyuab 000 1 eng
010 ## - LIBRARY OF CONGRESS CONTROL NUMBER
LC control number 88019001
020 ## - INTERNATIONAL STANDARD BOOK NUMBER
International Standard Book Number 0671737120
040 ## - CATALOGING SOURCE
Original cataloging agency DLC
Transcribing agency DLC
Modifying agency DLC
-- OCoLC
043 ## - GEOGRAPHIC AREA CODE
Geographic area code n-us---
-- e-ur---
-- a-ir---
050 00 - LIBRARY OF CONGRESS CALL NUMBER
Classification number PS 3553.O948
Item number .C881 1989
082 00 - DEWEY DECIMAL CLASSIFICATION NUMBER
Classification number FIC
Item number C83s 1989
100 1# - MAIN ENTRY--PERSONAL NAME
Personal name Coyle, Harold,
Dates associated with a name 1952-
9 (RLIN) 18504
245 10 - TITLE STATEMENT
Title Sword point :
Remainder of title a novel
Statement of responsibility, etc Harold Coyle
260 ## - PUBLICATION, DISTRIBUTION, ETC. (IMPRINT)
Place of publication, distribution, etc New York :
Name of publisher, distributor, etc Pocket Books,
Date of publication, distribution, etc c1989.
300 ## - PHYSICAL DESCRIPTION
Extent xvii,428 p. :
Dimensions 17 cm.
562 ## - COPY AND VERSION IDENTIFICATION NOTE
Number of copies 1
650 #0 - SUBJECT ADDED ENTRY--TOPICAL TERM
Topical term or geographic name as entry element Fiction.
9 (RLIN) 746
655 #7 - INDEX TERM--GENRE/FORM
Genre/form data or focus term War stories.
Source of term gsafd
9 (RLIN) 4878
906 ## - LOCAL DATA ELEMENT F, LDF (RLIN)
a 7
b cbc
c orignew
d 1
e ocip
f 19
g y-gencatlg
942 ## - ADDED ENTRY ELEMENTS (KOHA)
Source of classification or shelving scheme Library of Congress Classification
Koha item type Books
Holdings
Withdrawn status Lost status Source of classification or shelving scheme Damaged status Home library Current library Shelving location Date acquired Total Checkouts Full call number Barcode Date last seen Date checked out Copy number Price effective from Koha item type
    Library of Congress Classification   Luxembourg Library Luxembourg Library Fiction Section 09/12/2013 1 PS 3553.O948 .C881 1989 6926 02/18/2020 02/14/2020 1 09/12/2013 Books

Sword point :

APA

Coyle H., . (1989). Sword point. New York: Pocket Books.

Chicago

Coyle Harold, . 1989. Sword point. New York: Pocket Books.

Harvard

Coyle H., . (1989). Sword point. New York: Pocket Books.

MLA

Coyle Harold, . Sword point. New York: Pocket Books. 1989.

  • Place hold
  • Print
  • Cite
  • Add to your cart (remove)
  • Save record
    BIBTEX Dublin Core MARCXML MARC (non-Unicode/MARC-8) MARC (Unicode/UTF-8) MARC (Unicode/UTF-8, Standard) MODS (XML) RIS
  • More searches
    Search for this title in:
    Other Libraries (WorldCat) Other Databases (Google Scholar) Online Stores (Bookfinder.com) Open Library (openlibrary.org)

Exporting to Dublin Core...

SOUTHVILLE LIBRARY

Southville International School and Colleges Library

1281 Tropical Ave. Cor. Luxembourg St., BF Homes International, Las Pinas City

Tel. No. 8256374 / 252358 Loc. 117/146

Powered by Koha